Guía de los movimientos de musculación: descripción anatómica

Guardado en:
Detalles Bibliográficos
Autor principal: Delavier, Frédéric (Autor)
Formato: Libro
Lenguaje:español
Publicado: Barcelona Paidotribo 2006
Edición:5a. ed
Materias:
Etiquetas: Agregar Etiqueta
Sin Etiquetas, Sea el primero en etiquetar este registro!

MARC

LEADER 00000nam a2200000 a 4500
001 UCG3267
003 CL-VaPUC
008 100819e20060000SP |||||||||||||||||spa|d
020 |a 8480193883 
082 0 4 |a 613.71  |b DEL  |2 21 
100 0 |a Delavier, Frédéric  |e author  |9 552259 
245 1 0 |a Guía de los movimientos de musculación: descripción anatómica 
250 |a 5a. ed 
300 |a 144 p 
942 |c BK 
945 |d 20100819 00:00:00  |a mfarfan 
260 |a Barcelona  |b Paidotribo  |c 2006 
650 7 |a FITNESS  |2 CL-VaPUC  |9 469781 
650 0 |a Músculos  |9 269552 
650 7 |a MUSCULACION  |2 CL-VaPUC  |9 552260 
650 7 |a ENTRENAMIENTO FISICO  |2 CL-VaPUC  |9 307393 
650 0 |a Actividad física  |9 362156 
583 |a last modification  |c 20100819 00:00:00  |k Rodrigo Vera 
999 |c 342338  |d 342336 
952 |0 0  |1 0  |4 0  |6 613_710000000000000_DEL_2006  |7 0  |8 C  |9 438497  |a BIBCUR  |b BIBCUR  |d 2019-11-22  |i 4708326  |o 613.71 DEL 2006  |p 4708326  |r 2025-04-22  |w 2019-11-22  |y BK  |k DEN